| Tag |
First Indicator |
Second Indicator |
Subfields |
| LEADER |
00000cam a2200000Ia 4500 |
| 001 |
in00002787840 |
| 005 |
20151202171726.0 |
| 008 |
121116s2012 dcud b 000 0 eng d |
| 020 |
|
|
|a 9781594078873 (print)
|
| 020 |
|
|
|a 1594078874 (print)
|
| 035 |
|
|
|a (OCoLC)ocn818354264
|
| 040 |
|
|
|a SYB
|c SYB
|d YPM
|d NZ1
|d TXA
|d UtOrBLW
|
| 043 |
|
|
|a n-us---
|a n-cn---
|
| 049 |
|
|
|a TXAM
|
| 082 |
0 |
4 |
|a 023.4
|2 23
|
| 090 |
|
|
|a Z675.U5
|b S68 no.331
|
| 100 |
1 |
|
|a DeLong, Kathleen.
|
| 245 |
1 |
0 |
|a Changing role of senior administrators /
|c Kathleen DeLong, Julie Garrison, Marianne Ryan.
|
| 264 |
|
1 |
|a Washington, DC :
|b Association of Research Libraries,
|c [2012]
|
| 300 |
|
|
|a 174 pages :
|b charts ;
|c 28 cm.
|
| 336 |
|
|
|a text
|b txt
|2 rdacontent
|
| 337 |
|
|
|a unmediated
|b n
|2 rdamedia
|
| 338 |
|
|
|a volume
|b nc
|2 rdacarrier
|
| 490 |
1 |
|
|a SPEC kit,
|x 0160-3582 ;
|v 331
|
| 500 |
|
|
|a "October 2012."
|
| 504 |
|
|
|a Includes bibliographical references (pages 173-174).
|
| 650 |
|
0 |
|a Library administrators
|z United States.
|
| 650 |
|
0 |
|a Library administrators
|z Canada.
|
| 650 |
|
0 |
|a Academic libraries
|z United States
|x Administration.
|
| 650 |
|
0 |
|a Academic libraries
|z Canada
|x Administration.
|
| 700 |
1 |
|
|a Garrison, Julie A.,
|e author.
|
| 700 |
1 |
|
|a Ryan, Marianne P.,
|e author.
|
| 710 |
2 |
|
|a Association of Research Libraries.
|
| 830 |
|
0 |
|a SPEC kit ;
|v 331.
|
| 948 |
|
|
|a cataloged
|b h
|c 2012/12/10
|d c
|e ceaton
|f 12:01:06 pm
|
| 994 |
|
|
|a C0
|b TXA
|
| 999 |
|
|
|a MARS
|
| 999 |
f |
f |
|s 0f91ff42-e0b6-359a-96d8-7c48fc6887e9
|i b0c91618-fa53-3d4f-bbf5-6fafd5d7c659
|t 0
|
| 952 |
f |
f |
|p normal
|a Texas A&M University
|b College Station
|c Sterling C. Evans Library
|d Evans: Library Stacks
|t 0
|e Z675.U5 S68 no.331
|h Library of Congress classification
|i unmediated -- volume
|m A14841623652
|
| 998 |
f |
f |
|a Z675.U5 S68 no.331
|t 0
|l Evans: Library Stacks
|